Quick Pick: Odd Roman Numerals Quiz Stats

 Plays Quiz not verified by Sporcle

Score 0/13 Timer 01:00
0 Plays Today
% Correct
I
89%
XXI
87.7%
XI
85.5%
CI
85.5%
LI
85.1%
IX
84.6%
V
84.2%
XCV
82.5%
MMI
82%
VII
81.1%
XIII
78.9%
XXXVII
78.1%
MDCLXVII
76.3%

You're not logged in!

Compare scores with friends on all Sporcle quizzes.
OR
Log In

You Might Also Like...

Show Comments

Extras

Top Quizzes Today


Score Distribution

Your Account Isn't Verified!

In order to create a playlist on Sporcle, you need to verify the email address you used during registration. Go to your Sporcle Settings to finish the process.

Report this User

Report this user for behavior that violates our Community Guidelines.

Details: